ბათუმის შოთა რუსთაველის სახელმწიფო უნივერსიტეტის ბიბლიოთეკა

რჩეული ნაწარმოებები : 5 ტომად.ტ.3 (ბიბ.ჩანაწერი № 49025)

000 -LEADER
fixed length control field 01157nam a2200241Ia 4500
001 - CONTROL NUMBER
control field 15930
003 - CONTROL NUMBER IDENTIFIER
control field GE_BSU
008 - FIXED-LENGTH DATA ELEMENTS--GENERAL INFORMATION
fixed length control field 181216s||||||||xx |||||||||||||| ||und||
040 ## - CATALOGING SOURCE
Transcribing agency GE_BSU
080 ## - UNIVERSAL DECIMAL CLASSIFICATION NUMBER
Universal Decimal Classification number 821.353.1 + 821.353.1-32
100 ## - MAIN ENTRY--PERSONAL NAME
Personal name წერეთელი, ა. (აკაკი, 1840-1915)
245 ## - TITLE STATEMENT
Title რჩეული ნაწარმოებები : 5 ტომად.ტ.3
245 ## - TITLE STATEMENT
Remainder of title მხატვრული პროზა
245 ## - TITLE STATEMENT
Statement of responsibility, etc. შემდგ.-რედ.: გურამ გვერდწითელი, ემზარ კვიტაიშვილი. სარედ. კოლ.გრ.აბაშიძე. რ. ინანიშვილი.. გ.ფანჯიკიძე. რედ. დ. კემულარია. მხ. დ. დუნდუა
260 ## - PUBLICATION, DISTRIBUTION, ETC.
Place of publication, distribution, etc. თბილისი
260 ## - PUBLICATION, DISTRIBUTION, ETC.
Name of publisher, distributor, etc. საბჭ. საქართველო
260 ## - PUBLICATION, DISTRIBUTION, ETC.
Date of publication, distribution, etc. 1989
300 ## - PHYSICAL DESCRIPTION
Extent 416 გვ.20 სმ.
300 ## - PHYSICAL DESCRIPTION
Accompanying material შენიშვნ.გვ.413-414
653 ## - INDEX TERM--UNCONTROLLED
Uncontrolled term მხატვრული პროზა
653 ## - INDEX TERM--UNCONTROLLED
Uncontrolled term რჩეული ნაწარმოებები
942 ## - ADDED ENTRY ELEMENTS (KOHA)
Koha item type წიგნი
ეგზემპლარები
Withdrawn status Lost status Damaged status Not for loan Date acquired Barcode Date last seen Price effective from Koha item type
        2018-12-17 39106 2018-12-17 2018-12-17 წიგნი